00475nam a2200193Ia 4500001000900000003000500009005001700014008004100031010001100072040000900083082001500092100002100107245004200128250004400170264000900214300001700223650001700240650002400257dia_1382CHAP20230131110813.0220117s9999 xx 000 0 und d a171928 cCHAP a581.192 D7 aDraper, Semon R. aBiochemical, Analisys in Crop Science aGreat Britain, Oxford University Press. c1976 a130 p. ilus. aCitología. aQuímica vegetal.